Rendimiento de servidores. / José Aurelio Bollas Taboada (Registro nro. 24847)
[ vista simple ]
| 000 -LÍDER | |
|---|---|
| fixed length control field | 00418nam a2200121 4500 |
| 050 ## - SIGNATURA TOPOGRAFICA DE LA BIBLIOTECA DEL CONGRESO (LC) | |
| Número de Clasificación | QA76.2154 T4 B6 2009 |
| 082 ## - NUMERO DE CLASIFICACION DECIMAL DEWEY | |
| Número de Clasificación | 004.36 B6r |
| 100 ## - ASIENTO PRINCIPAL--NOMBRE PERSONAL | |
| Nombre personal | Bollas Taboada, José Aurelio |
| 245 ## - TÍTULO | |
| Título | Rendimiento de servidores. / José Aurelio Bollas Taboada |
| 300 ## - DESCRIPCIÓN FÍSICA | |
| Extensión | 74 p. / 30 cm. |
| 502 ## - NOTA DE TESIS | |
| Nota de tesis | Tesis. Opción I. I.T.Z. (Sist. Computacionales) M.T.I. Laura Villavicencio Gómez |
| 650 ## - ASIENTO SECUNDARIO DE MATERIA - TERMINO TEMÁTICO | |
| Término temático o nombre geográfico como elemento de entrada | 1. SERVIDOR 2. CLIENTE SERVIDOR |
| No. biblioteca | No. biblioteca | Número de clasificación | Código de barras/Número de adquisición | Número de copia | Tipo de material |
|---|---|---|---|---|---|
| LUIS G. INCLAN | LUIS G. INCLAN | 004.36 B6r | SC209-2009 | 1 | Libros |
